000 00254nam a2200121Ia 4500
100 _aStevens/W.R
942 _cBK
654 _aunix
245 _aUnix Networking programming
260 _bprentice
_aNew Delhi
_c1993
300 _a772
546 _aENGLISH
999 _c25933
_d25933